| 000 | 00356nam a2200145Ia 4500 | ||
|---|---|---|---|
| 005 | 20250314011731.0 | ||
| 008 | 240331s9999 xx 000 0 und d | ||
| 082 |
_bGIB _a894 |
||
| 100 | _aGibran, K | ||
| 245 | 0 | _aMurindha sirakugal | |
| 260 |
_aChennai _bNarmatha Pathipagam _c2006 |
||
| 300 | _a200 p ., | ||
| 650 | _aKahil Gibran's poem Book | ||
| 942 | _cL | ||
| 999 |
_c4168 _d4168 |
||